|
VMS Library |
|
แสดงรายละเอียดบรรณานุกรม |
|
|
Brief Record
: Get Marc (ISO 2709)
: E-mail record
: |
|
|
| LEADER 00000nam 2200000uu 4500 | |||
| 001 13399137014 | |||
| 003 ULIBM | |||
| 008 260508s2567||||th 000 0 tha d | |||
| 020 ^a9786166120790 | |||
| 050 ^aTH425^b.ท44 2567 | |||
| 100 0 ^aทรงศักดิ์ รวิรังสรรค์. | |||
| 245 10 ^aคู่มือออกแบบ เขียนแบบอาคาร ในเขตเทศบาล, อบต / ^cทรงศักดิ์ รวิรังสรรค์. | |||
| 260 ^aสงขลา : ^bซันซัน การพิมพ์, ^c2567. | |||
| 300 ^a405 หน้า : ^bภาพประกอบ. | |||
| 650 4 ^aการออกแบบสถาปัตยกรรม. | |||
| 650 4 ^aการเขียนแบบสถาปัตยกรรม. | |||
| 999 ^aปวีนา มาลยาภรณ์ | |||
| คุณยังไม่ได้ล็อกอิน คุณสามารถมีกิจกรรมร่วมกับเว็บไซต์ได้ แต่ต้องล็อกอินก่อน :: |
|
| สถานะ | |||||||||
| 1. | หนังสือ | TH425 .ท44 2567 Barcode: 3 26 025549 | On Shelf ขอยืม | ||||||
| [แสดง 1/1 รายการ] | |||||||||
| รายการใกล้เคียง ผู้แต่ง [ทรงศักดิ์ รวิรังสรรค์.]
หัวเรื่อง [การออกแบบสถาปัตยกรรม.]
|
BibComment |
| คอมเมนท์ทรัพยากรรายการนี้ |
|
|